An Introduction to Positive Economics (Record no. 22150)

MARC details
000 -LEADER
fixed length control field 01214nam a22003497a 4500
003 - CONTROL NUMBER IDENTIFIER
control field IBSLLIB
005 - DATE AND TIME OF LATEST TRANSACTION
control field 20260515085924.0
008 - FIXED-LENGTH DATA ELEMENTS--GENERAL INFORMATION
fixed length control field 260515b |||||||| |||| 00| 0 eng d
020 ## - INTERNATIONAL STANDARD BOOK NUMBER
International Standard Book Number 0297782665
040 ## - CATALOGING SOURCE
Original cataloging agency IBSLLIB
Language of cataloging English
041 ## - LANGUAGE CODE
Language code of original Eng
082 ## - DEWEY DECIMAL CLASSIFICATION NUMBER
Edition number 6th ed.
Classification number 330
Item number LIP
100 ## - MAIN ENTRY--PERSONAL NAME
Personal name Lipsey , Richard G.
245 ## - TITLE STATEMENT
Title An Introduction to Positive Economics
260 ## - PUBLICATION, DISTRIBUTION, ETC. (IMPRINT)
Place of publication, distribution, etc. London :
Name of publisher, distributor, etc. The english language book society and weidenfeld and nicolson ,
Date of publication, distribution, etc. 1963
300 ## - PHYSICAL DESCRIPTION
Extent 790 p ;
Dimensions 24 cm
505 ## - FORMATTED CONTENTS NOTE
Formatted contents note Scope and methods
505 ## - FORMATTED CONTENTS NOTE
Formatted contents note The Elementary theory of price
505 ## - FORMATTED CONTENTS NOTE
Formatted contents note The Intermediate theory of demand
505 ## - FORMATTED CONTENTS NOTE
Formatted contents note The Intermediate theory of supply
505 ## - FORMATTED CONTENTS NOTE
Formatted contents note The Theory of distribution
505 ## - FORMATTED CONTENTS NOTE
Formatted contents note International trading relations
505 ## - FORMATTED CONTENTS NOTE
Formatted contents note Microeconomic policy
505 ## - FORMATTED CONTENTS NOTE
Formatted contents note The determination of national income with a fixed interest rate and a fixed price level
505 ## - FORMATTED CONTENTS NOTE
Formatted contents note The Determination of national income with a variable interest rate and a variable price level
505 ## - FORMATTED CONTENTS NOTE
Formatted contents note Some current issues in theory and policy
650 ## - SUBJECT ADDED ENTRY--TOPICAL TERM
Topical term or geographic name as entry element Social science
650 ## - SUBJECT ADDED ENTRY--TOPICAL TERM
Topical term or geographic name as entry element Economics
653 ## - INDEX TERM--UNCONTROLLED
Uncontrolled term Economic
653 ## - INDEX TERM--UNCONTROLLED
Uncontrolled term International
942 ## - ADDED ENTRY ELEMENTS (KOHA)
Koha item type Lending Book
Holdings
Withdrawn status Lost status Damaged status Not for loan Collection code Permanent Location Current Location Shelving location Date acquired Source of acquisition Inventory number Full call number Barcode Koha item type
        Lending Collection IBSL Library IBSL Library Lending Section 30/04/2026 Donation 10859 330 LIP 10859 Lending Book
Copyright © 2024 IBSL Library, All rights reserved.
mail to: library@ibsl.lk | Contact: 0112425735 | Library Address: IBSL Library, 80A, Elvitigala Mawatha, Colombo 008